| 000 | 00463nam a22001817a 4500 | ||
|---|---|---|---|
| 003 | CEME | ||
| 005 | 20210628203513.0 | ||
| 008 | 210126b xxu||||| |||| 00| 0 eng d | ||
| 020 | _a1-903996-46-5 | ||
| 040 | _c. | ||
| 082 | _a621 REC | ||
| 100 |
_aFoet-Piat, Nadine Le:Bourjault, Alain _965876 |
||
| 245 | _aRecent trends in mechatronics | ||
| 260 |
_aLONDON _bKOGAN PAGE _c2003 |
||
| 300 | _aVII,117P | ||
| 650 |
_aMECHATRONICS _935774 |
||
| 942 |
_cBK _2ddc |
||
| 999 |
_c573961 _d573961 |
||